| 000 | 00540nam a22001697a 4500 | ||
|---|---|---|---|
| 003 | NUST | ||
| 038 | _aNusrat Nadeem | ||
| 082 | _a200 | ||
| 100 |
_aAnam, Bareera _9120298 |
||
| 245 |
_aEV Assisted Resource Sharing Framework Through Stream Processing/ _cBareera Anam, |
||
| 264 |
_aIslamabad, _bSEECS NUST, _c2023. |
||
| 300 |
_aill: _b45,p: _c30,cm. |
||
| 690 |
_aMS- Information Technology _926924 |
||
| 700 |
_aSupervisor: Dr Farzana Jabeen _9120299 |
||
| 856 | _uhttp://10.250.8.41:8080/xmlui/handle/123456789/41409 | ||
| 942 |
_2ddc _cSC |
||
| 999 |
_c607661 _d607661 |
||